| 000 | 00550nam a22001937a 4500 | ||
|---|---|---|---|
| 003 | CEME | ||
| 005 | 20210628205520.0 | ||
| 008 | 210127b xxu||||| |||| 00| 0 eng d | ||
| 020 | _a0-07-043554-5 | ||
| 040 | _c. | ||
| 082 | _a658.5 BOW | ||
| 100 |
_aBowersox, Donald J _919205 |
||
| 245 | _aLogistical management,the integrated supply chain process | ||
| 260 |
_aNEW DELHI _bTATA MCGRAW HILL _c2000 |
||
| 300 | _aXIX,727P | ||
| 650 |
_aLOGISTICAL MANAGEMENT. SUPPLY CHAIN PROCESS _975864 |
||
| 700 |
_aCloss, David J _919206 |
||
| 942 |
_cBK _2ddc |
||
| 999 |
_c581272 _d581272 |
||